000 00651nam a2200193 a 4500
001 1770284920041
003 YourLibrary
005 20260205152336.0
008 260205s1998##################000#0#eng##
020 _a9780820435695
082 0 4 _a331.0947
_bSHE
100 1 _aShershneva, Elena,
_eauthor.
245 1 0 _aКультура труда в процессе социально-экономических преобразований :
260 _bPeter Lang Gmbh, Internationaler Verlag Der Wissenschaften,
_c1998.
300 _a140 pages
650 0 _aBusiness & Economics.
942 _cENGLISH
040 _aYourLibrary
_beng
_cYourLibrary
999 _c610337
_d610337